000 00533nam a2200193Ia 4500
008 151121s9999||||xx |||||||||||||| ||und||
082 _a822/Hou
082 _bHNW-28773
100 _aHoughton Stanley
245 _aHindle Wakes a play in three acts।
260 _b"Sidgwick & Jackson, Ltd।, London"
260 _c--
300 _a109
600 _aHoughton Stanley
630 _aHindle Wakes a play in three acts।
700 _aHoughton Stanley
730 _aHindle Wakes a play in three acts।
942 _cBOOK
999 _c1224127
_d1224124